000 00503nam a22001937a 4500
003 OSt
005 20151029134545.0
008 130311t xxu||||| |||| 00| 0 eng d
020 _a9780802132758
050 _aPR 6069
_b.St893 1967
082 _aIB 822.914
_bSt7 1967
100 _aStoppard, Tom
245 _aRosencrantz and guildenstern are Dead
_cTom Stoppard
260 _aNew York
_bFaber and Faber
_c1967
300 _a125 pages.;
_c21 cm.
562 _e4
942 _2lcc
_cBK
999 _c2313
_d2313